Carregant...
കുടിയേറ്റം/
മലയാളിയുടെ പ്രാവാറ്സ ജീവിതത്തിന് ഏറെ കാലത്തെ പഴക്കമുണ്ട്. ഭൂലോകത്തിന്റെ വിവിധ പ്രദേശങ്ങളിലേക്ക് ഉപജീവനത്തിനായി മലയാളി നടത്തിയ കുടിയേറ്റത്തിന്റെ ചരിത്രവും സംസ്കാരവും അടയാളപ്പെടുത്തുകയാണ് ഈ പുസ്തകം....
| Autor principal: | |
|---|---|
| Altres autors: | |
| Format: | Printed Book |
| Publicat: |
Kottayam
DC
2017
|
| Matèries: |
| LEADER | 01119nam a2200181 4500 | ||
|---|---|---|---|
| 020 | |a Benyamin | ||
| 082 | |a 304.82 |b BEN-K | ||
| 100 | |a ബെന്യാമിൻ . | ||
| 245 | |a കുടിയേറ്റം/ | ||
| 260 | |a Kottayam |b DC |c 2017 | ||
| 300 | |a 112p. | ||
| 520 | |a മലയാളിയുടെ പ്രാവാറ്സ ജീവിതത്തിന് ഏറെ കാലത്തെ പഴക്കമുണ്ട്. ഭൂലോകത്തിന്റെ വിവിധ പ്രദേശങ്ങളിലേക്ക് ഉപജീവനത്തിനായി മലയാളി നടത്തിയ കുടിയേറ്റത്തിന്റെ ചരിത്രവും സംസ്കാരവും അടയാളപ്പെടുത്തുകയാണ് ഈ പുസ്തകം. | ||
| 650 | |a Migration- Malayalee | ||
| 650 | |a Kudiyettam | ||
| 700 | |a Benyamin | ||
| 942 | |c BK | ||
| 999 | |c 52486 |d 52486 | ||
| 952 | |0 0 |1 0 |4 0 |6 304_820000000000000_BENK |7 0 |9 66463 |a KU |b KU |c GEN |d 2018-09-18 |e Ad.D2/5736/2013 dtd.24/11/2017 |g 100.00 |l 0 |o 304.82 BEN-K |p CL02951 |r 2018-09-18 |w 2018-09-18 |y BK | ||